| 000 | 00482nam a2200181Ia 4500 | ||
|---|---|---|---|
| 003 | OSt | ||
| 005 | 20250930180828.0 | ||
| 008 | 210423s2004 xx 000 0 und d | ||
| 040 | _cAL | ||
| 041 | _aEnglish | ||
| 082 |
_a301.0954 _bSINI |
||
| 100 |
_aYogendra Singh _9122812 |
||
| 245 | _aIdeology and theory in indian sociology | ||
| 260 |
_aNew Delhi _bRawat Publications _c2004 |
||
| 365 |
_b495 _cINR |
||
| 906 | _aIdeology ; indian ; sociology. ; theory | ||
| 942 |
_2ddc _cBK |
||
| 999 |
_c174066 _d174066 |
||